000 01350nam a2200325Ia 4500
001 ebr10676155
003 CaPaEBR
006 m u
007 cr cn|||||||||
008 120509s2011 enka sb 000 0 eng d
020 _z1907142401 (pbk.)
020 _z9781907142406
020 _z9781907142666
020 _z9781907142406 (pbk.)
040 _aCaPaEBR
_cCaPaEBR
035 _a(OCoLC)745906101
050 1 4 _aKJC5202
_b.H38 2011eb
100 1 _aHatton, T. J.
245 1 0 _aSeeking asylum
_h[electronic resource] :
_btrends and policies in the OECD /
_cTimothy J. Hatton.
260 _aLondon :
_bCentre for Economic Policy Research,
_c2011.
300 _axi, 140 p. :
_bill.
504 _aIncludes bibliographical references (p. [127]-140).
533 _aElectronic reproduction.
_bPalo Alto, Calif. :
_cebrary,
_d2013.
_nAvailable via World Wide Web.
_nAccess may be limited to ebrary affiliated libraries.
650 0 _aRefugees
_xGovernment policy
_zEuropean Union countries.
650 0 _aAsylum, Right of
_zEuropean Union countries.
651 0 _aEuropean Union countries
_xEmigration and immigration
_xGovernment policy.
655 7 _aElectronic books.
_2local
710 2 _aebrary, Inc.
856 4 0 _uhttp://site.ebrary.com/lib/rucke/Doc?id=10676155
_zAn electronic book accessible through the World Wide Web; click to view
999 _c57949
_d57949